书目信息 |
| 题名: |
基辅罗斯
|
|
| 作者: | 肖瑜 著 | |
| 分册: | ||
| 出版信息: | 广州 广东人民出版社 2024.03 |
|
| 页数: | 11,470页 | |
| 开本: | 21cm | |
| 丛书名: | 万有引力书系 | |
| 单 册: | ||
| 中图分类: | K512.31 | |
| 科图分类: | ||
| 主题词: | 基辅罗斯(882-13世纪)--历史 | |
| 电子资源: | ||
| ISBN: | 978-7-218-17036-7 | |
| 000 | 00969nam0 2200253 450 | |
| 001 | 012889772 | |
| 005 | 20251023100751.03 | |
| 010 | @a978-7-218-17036-7@b精装@dCNY118.00 | |
| 100 | @a20240425d2024 em y0chiy0120 ea | |
| 101 | 0 | @achi |
| 102 | @aCN@b440000 | |
| 105 | @aa z 000yy | |
| 106 | @ar | |
| 200 | 1 | @a基辅罗斯@9ji fu luo si@e东斯拉夫文明的起源@f肖瑜著 |
| 210 | @a广州@c广东人民出版社@d2024.03 | |
| 215 | @a11,470页@c图@d21cm | |
| 225 | 1 | @a万有引力书系 |
| 330 | @a本书讲述了东斯拉夫人的文明起源和建立的第一个统一国家——基辅罗斯公国的历史,以东斯拉夫人在史前期的诞生和部落时期的发展为起点,重点讲述这一人群发展到阶级社会、形成族群文明的基辅罗斯公国历史,以蒙古人入侵、基辅罗斯公国分裂为收束,为读者普及了东欧诸国的早期历史和文明渊源。 | |
| 461 | 0 | @12001 @a万有引力书系 |
| 606 | 0 | @a基辅罗斯(882-13世纪)@x历史 |
| 690 | @aK512.31@v5 | |
| 701 | 0 | @a肖瑜@9xiao yu@4著 |
| 801 | 0 | @aCN@c20250911 |
| 905 | @a河南城建学院图书馆@dK512.31@eX296@ZX296@f1 | |
| 基辅罗斯:东斯拉夫文明的起源/肖瑜著.-广州:广东人民出版社,2024.03 |
| 11,470页:图;21cm.-(万有引力书系) |
| ISBN 978-7-218-17036-7(精装):CNY118.00 |
| 本书讲述了东斯拉夫人的文明起源和建立的第一个统一国家——基辅罗斯公国的历史,以东斯拉夫人在史前期的诞生和部落时期的发展为起点,重点讲述这一人群发展到阶级社会、形成族群文明的基辅罗斯公国历史,以蒙古人入侵、基辅罗斯公国分裂为收束,为读者普及了东欧诸国的早期历史和文明渊源。 |
| ● |
| 相关链接 |
|
|
|
正题名:基辅罗斯
索取号:K512.31/X296
 
预约/预借
| 序号 | 登录号 | 条形码 | 馆藏地/架位号 | 状态 | 备注 |
| 1 | 1636174 | 216361746 | 社科库309/309社科库 40排4列5层/ [索取号:K512.31/X296] | 在馆 |